Drake Maye Clicker - Statistics

General Stats
  • This quiz has been taken 312 times
  • The average score is 69 of 200
Answer Stats
Hint Extra Hint Answer % Correct
Drake Maye Drake Maye
98%
Drake Maye Drake Maye
97%
Drake Maye Drake Maye
96%
Drake Maye Drake Maye
95%
Drake Maye Drake Maye
95%
Drake Maye Drake Maye
95%
Drake Maye Drake Maye
94%
Drake Maye Drake Maye
93%
Drake Maye Drake Maye
93%
Drake Maye Drake Maye
93%
Drake Maye Drake Maye
93%
Drake Maye Drake Maye
92%
Drake Maye Drake Maye
92%
Drake Maye Drake Maye
90%
Drake Maye Drake Maye
90%
Drake Maye Drake Maye
90%
Drake Maye Drake Maye
90%
Drake Maye Drake Maye
90%
Drake Maye Drake Maye
89%
Drake Maye Drake Maye
89%
Drake Maye Drake Maye
89%
Drake Maye Drake Maye
89%
Drake Maye Drake Maye
89%
Drake Maye Drake Maye
88%
Drake Maye Drake Maye
88%
Drake Maye Drake Maye
88%
Drake Maye Drake Maye
88%
Drake Maye Drake Maye
87%
Drake Maye Drake Maye
87%
Drake Maye Drake Maye
86%
Drake Maye Drake Maye
86%
Drake Maye Drake Maye
85%
Drake Maye Drake Maye
85%
Drake Maye Drake Maye
83%
Drake Maye Drake Maye
82%
Drake Maye Drake Maye
82%
Drake Maye Drake Maye
82%
Drake Maye Drake Maye
82%
Drake Maye Drake Maye
81%
Drake Maye Drake Maye
81%
Drake Maye Drake Maye
81%
Drake Maye Drake Maye
80%
Drake Maye Drake Maye
80%
Drake Maye Drake Maye
79%
Drake Maye Drake Maye
78%
Drake Maye Drake Maye
77%
Drake Maye Drake Maye
76%
Drake Maye Drake Maye
74%
Drake Maye Drake Maye
74%
Drake Maye Drake Maye
72%
Drake Maye Drake Maye
71%
Drake Maye Drake Maye
69%
Drake Maye Drake Maye
68%
Drake Maye Drake Maye
66%
Drake Maye Drake Maye
66%
Drake Maye Drake Maye
65%
Drake Maye Drake Maye
63%
Drake Maye Drake Maye
61%
Drake Maye Drake Maye
60%
Drake Maye Drake Maye
60%
Drake Maye Drake Maye
59%
Drake Maye Drake Maye
59%
Drake Maye Drake Maye
59%
Drake Maye Drake Maye
57%
Drake Maye Drake Maye
56%
Drake Maye Drake Maye
55%
Drake Maye Drake Maye
54%
Drake Maye Drake Maye
51%
Drake Maye Drake Maye
50%
Drake Maye Drake Maye
48%
Drake Maye Drake Maye
47%
Drake Maye Drake Maye
47%
Drake Maye Drake Maye
44%
Drake Maye Drake Maye
42%
Drake Maye Drake Maye
40%
Drake Maye Drake Maye
37%
Drake Maye Drake Maye
37%
Drake Maye Drake Maye
35%
Drake Maye Drake Maye
34%
Drake Maye Drake Maye
34%
Drake Maye Drake Maye
34%
Drake Maye Drake Maye
34%
Drake Maye Drake Maye
31%
Drake Maye Drake Maye
31%
Drake Maye Drake Maye
30%
Drake Maye Drake Maye
29%
Drake Maye Drake Maye
27%
Drake Maye Drake Maye
26%
Drake Maye Drake Maye
26%
Drake Maye Drake Maye
25%
Drake Maye Drake Maye
24%
Drake Maye Drake Maye
21%
Drake Maye Drake Maye
21%
Drake Maye Drake Maye
20%
Drake Maye Drake Maye
18%
Drake Maye Drake Maye
18%
Drake Maye Drake Maye
17%
Drake Maye Drake Maye
16%
Drake Maye Drake Maye
16%
Drake Maye Drake Maye
15%
Drake Maye Drake Maye
15%
Drake Maye Drake Maye
15%
Drake Maye Drake Maye
15%
Drake Maye Drake Maye
14%
Drake Maye Drake Maye
12%
Drake Maye Drake Maye
11%
Drake Maye Drake Maye
11%
Drake Maye Drake Maye
10%
Drake Maye Drake Maye
10%
Drake Maye Drake Maye
10%
Drake Maye Drake Maye
8%
Drake Maye Drake Maye
8%
Drake Maye Drake Maye
8%
Drake Maye Drake Maye
8%
Drake Maye Drake Maye
8%
Drake Maye Drake Maye
8%
Drake Maye Drake Maye
8%
Drake Maye Drake Maye
7%
Drake Maye Drake Maye
7%
Drake Maye Drake Maye
7%
Drake Maye Drake Maye
6%
Drake Maye Drake Maye
6%
Drake Maye Drake Maye
6%
Drake Maye Drake Maye
6%
Drake Maye Drake Maye
6%
Drake Maye Drake Maye
6%
Drake Maye Drake Maye
6%
Drake Maye Drake Maye
6%
Drake Maye Drake Maye
6%
Drake Maye Drake Maye
6%
Drake Maye Drake Maye
6%
Drake Maye Drake Maye
6%
Drake Maye Drake Maye
6%
Drake Maye Drake Maye
5%
Drake Maye Drake Maye
5%
Drake Maye Drake Maye
5%
Drake Maye Drake Maye
5%
Drake Maye Drake Maye
5%
Drake Maye Drake Maye
5%
Drake Maye Drake Maye
4%
Drake Maye Drake Maye
4%
Drake Maye Drake Maye
4%
Drake Maye Drake Maye
4%
Drake Maye Drake Maye
4%
Drake Maye Drake Maye
4%
Drake Maye Drake Maye
4%
Drake Maye Drake Maye
4%
Drake Maye Drake Maye
4%
Drake Maye Drake Maye
4%
Drake Maye Drake Maye
4%
Drake Maye Drake Maye
4%
Drake Maye Drake Maye
4%
Drake Maye Drake Maye
4%
Drake Maye Drake Maye
4%
Drake Maye Drake Maye
4%
Drake Maye Drake Maye
4%
Drake Maye Drake Maye
4%
Drake Maye Drake Maye
4%
Drake Maye Drake Maye
4%
Drake Maye Drake Maye
4%
Drake Maye Drake Maye
4%
Drake Maye Drake Maye
4%
Drake Maye Drake Maye
3%
Drake Maye Drake Maye
3%
Drake Maye Drake Maye
3%
Drake Maye Drake Maye
3%
Drake Maye Drake Maye
3%
Drake Maye Drake Maye
3%
Drake Maye Drake Maye
3%
Drake Maye Drake Maye
3%
Drake Maye Drake Maye
3%
Drake Maye Drake Maye
3%
Drake Maye Drake Maye
3%
Drake Maye Drake Maye
3%
Drake Maye Drake Maye
3%
Drake Maye Drake Maye
3%
Drake Maye Drake Maye
3%
Drake Maye Drake Maye
3%
Drake Maye Drake Maye
3%
Drake Maye Drake Maye
3%
Drake Maye Drake Maye
3%
Drake Maye Drake Maye
3%
Drake Maye Drake Maye
3%
Drake Maye Drake Maye
3%
Drake Maye Drake Maye
3%
Drake Maye Drake Maye
3%
Drake Maye Drake Maye
3%
Drake Maye Drake Maye
3%
Drake Maye Drake Maye
3%
Drake Maye Drake Maye
3%
Drake Maye Drake Maye
3%
Drake Maye Drake Maye
3%
Drake Maye Drake Maye
3%
Drake Maye Drake Maye
3%
Drake Maye Drake Maye
3%
Drake Maye Drake Maye
3%
Drake Maye Drake Maye
3%
Drake Maye Drake Maye
3%
Drake Maye Drake Maye
3%
DrakeDrakeDrakeDrakeDrakeDrakeDrakeDrakeDrakeDrakeDrakeDrakeDrakeDrakeDrakeDrakeDrakeDrakeDrakeDrakeDrake MayeMayeMayeMayeMayeMayeMayeMayeMayeMayeMayeMayeMayeMayeMayeMayeMayeMayeMayeMayeMaye Drake Maye
3%
No matching quizzes found
Score Distribution
Percent of People with Each Score
Percentile by Number Answered
Your Score History
You have not taken this quiz